The humanistic tradition / (Record no. 140799)

MARC details
000 -LEADER
fixed length control field 00987cam a2200301 a 4500
003 - CONTROL NUMBER IDENTIFIER
control field OSt
005 - DATE AND TIME OF LATEST TRANSACTION
control field 20251110094605.0
008 - FIXED-LENGTH DATA ELEMENTS--GENERAL INFORMATION
fixed length control field
020 ## - INTERNATIONAL STANDARD BOOK NUMBER
International Standard Book Number 9780072910094 (Paperback)
040 ## - CATALOGING SOURCE
Transcribing agency NUST
Original cataloging agency NUST
Language of cataloging eng
Modifying agency NUST
Description conventions rda
050 ## - LIBRARY OF CONGRESS CALL NUMBER
Classification number CB245 FIE
100 ## - MAIN ENTRY--PERSONAL NAME
Personal name Fiero, Gloria K.
Relator term Author
245 14 - TITLE STATEMENT
Title The humanistic tradition /
Statement of responsibility, etc. Gloria K. Fiero.
250 ## - EDITION STATEMENT
Edition statement Fifth edition.
260 ## - PUBLICATION, DISTRIBUTION, ETC.
Place of publication, distribution, etc. Boston :
Name of publisher, distributor, etc. McGraw Hill,
Date of publication, distribution, etc. ©2006.
300 ## - PHYSICAL DESCRIPTION
Extent xiii, 178 pages :
Other physical details Illustrations ;
Dimensions 29 cm.
336 ## - CONTENT TYPE
Source rdacontent
Content type term text
Content type code txt
337 ## - MEDIA TYPE
Source rdamedia
Media type term unmediated
Media type code n
338 ## - CARRIER TYPE
Source rdacarrier
Carrier type term volume
Carrier type code nc
504 ## - BIBLIOGRAPHY, ETC. NOTE
Bibliography, etc. note Includes bibliographical references and index.
650 #0 - SUBJECT ADDED ENTRY--TOPICAL TERM
Topical term or geographic name entry element Civilization, Western
General subdivision History.
650 #0 - SUBJECT ADDED ENTRY--TOPICAL TERM
Topical term or geographic name entry element Humanism.
650 #2 - SUBJECT ADDED ENTRY--TOPICAL TERM
Topical term or geographic name entry element Greek World
General subdivision history.
650 #2 - SUBJECT ADDED ENTRY--TOPICAL TERM
Topical term or geographic name entry element History
Geographic subdivision Europe.
650 #2 - SUBJECT ADDED ENTRY--TOPICAL TERM
Topical term or geographic name entry element Humanism
General subdivision history.
650 #2 - SUBJECT ADDED ENTRY--TOPICAL TERM
Topical term or geographic name entry element Roman World
General subdivision history.
942 ## - ADDED ENTRY ELEMENTS (KOHA)
Koha item type Ordinary Loan Books
Call number prefix CB245
Call number suffix FIE
Source of classification or shelving scheme Library of Congress Classification
Edition Fifth edition.
Classification part CB245 FIE
Suppress in OPAC No
Holdings
Withdrawn status Lost status Source of classification or shelving scheme Damaged status Not for loan Collection Home library Current library Shelving location Date acquired Source of acquisition Cost, normal purchase price Total Checkouts Full call number Barcode Date last seen Accession number Cost, replacement price Price effective from Koha item type Public note
    LCC   1 NFIC MAIN MAIN GEN 01/23/2023 Book Aid International 80.00   CB245 FIE 92004021273 01/23/2023 41566 80.00 01/23/2023 BOOKS Donation
    LCC   1 NFIC MAIN MAIN GEN 11/10/2025 Book Aid International 80.00   CB245 FIE 92004021257 11/10/2025 41565 80.00 11/10/2025 BOOKS Donation
    LCC   1 NFIC MAIN MAIN GEN 11/10/2025 Book Aid International 80.00   CB245 FIE 92004019255 11/10/2025 41203 80.00 11/10/2025 BOOKS Donation